| 000 | 00807cam a2200217 4500 | ||
|---|---|---|---|
| 001 | WS109711 | ||
| 008 | 000000n 000 0 eng u | ||
| 035 | _a(Sirsi) u109711 | ||
| 245 | _aCo-construct | ||
| 520 | _aWeb site set up by the 5 main construction research bodies in the UK, BSRIA, CIRIA, Concrete Society, Steel Construction Institute and TRADA, to bring together their information and research. Covers events, projects, publications and journals. | ||
| 650 | _aRESEARCH | ||
| 650 | _aBSRIA | ||
| 650 | _aCIRIA | ||
| 650 | 0 | _aCONCRETE SOCIETY | |
| 650 | _aSTEEL CONSTRUCTION INSTITUTE | ||
| 650 | _aORGANISATION | ||
| 650 | _aTRADA | ||
| 690 | _aBUILT ENVIRONMENT | ||
| 856 | 4 | 0 |
_uhttps://www.construction.co.uk _zView the website free of charge at www.construction.co.uk... |
| 942 | _n0 | ||
| 999 |
_c119731 _d119731 |
||